| 000 | 00909nam a2200253 i 4500 | ||
|---|---|---|---|
| 001 | 134295 | ||
| 003 | ES-MaACL | ||
| 005 | 20230906194637.0 | ||
| 007 | t| | ||
| 008 | 070907s1965 sp ||||1| spa d | ||
| 100 | 1 |
_aWatson, G. O. _9116185 |
|
| 245 | 1 | 0 |
_aPráctica de electricidad en la marina / _cG. O. Watson ; capítulos por R. A. Harvey, R. V. Mills, H. R. Ruff ; traducción... por Daniel Santano León ; revisada por Federio Piera Costa. |
| 260 |
_aBarcelona : _bEd. Hispanoamericana, _c[1965] |
||
| 300 |
_a464 p. : _bil. ; _c23 cm. |
||
| 490 | 1 | _aBiblioteca naútica UTHEA | |
| 700 | 1 |
_aHarvey, R. A. _962020 |
|
| 700 | 1 |
_aMills, R. V. _981285 |
|
| 700 | 1 |
_aRuff, H. R. _9100542 |
|
| 700 | 1 |
_aSantano y León, Daniel. _9181683 |
|
| 700 | 1 |
_aPiera Costa, Federico. _991926 |
|
| 830 | 0 |
_aBiblioteca naútica UTHEA _9219835 |
|
| 852 |
_aES-MaACL _jC-29248 _bR.59630 |
||
| 999 |
_c134295 _d134295 |
||